UK Town and City Trivia - Brighton - Statistics

General Stats
  • This quiz has been taken 54 times
  • The average score is 9 of 15
Answer Stats
Hint Answer % Correct
Ceremonial county in which Brighton is located East Sussex
95%
Nickname for the above football team Seagulls
89%
Residence built for the Prince of Wales, who became King George IV in 1820 Royal {Pavilion}
82%
Derelict pier that has fallen into ruin since a major fire of 2003 West Pier
77%
Winner of the 1974 Eurovision Song Contest, held in Brighton ABBA
70%
Home ground of the city's principal football team, Brighton & Hove Albion Amex Stadium
68%
Labyrinth of narrow alleyways that form a popular shopping destination The Lanes
68%
Murder thriller by Graham Greene, set in 1930s Brighton Brighton {Rock}
61%
Moving 162 m (531 ft) observation tower on Brighton seafront Brighton i360
59%
Hotel targeted by a bomb during the 1984 Conservative Party conference Grand Hotel
52%
Brighton's principal pier Palace Pier
50%
Number represented by the old bingo call 'The Brighton Line' 59
48%
Brighton born track athlete who won gold at the 1980 Moscow Olympics Steve Ovett
20%
Bestselling classical and jazz violinist, born in Brighton in 1956 Nigel Kennedy
11%
Classic car motoring event that finishes in Brighton each year London to Brighton {Veteran} Car Run
9%
No matching quizzes found
Score Distribution
Percent of People with Each Score
Percentile by Number Answered
Your Score History
You have not taken this quiz